Le grand maître des assassins

Uloženo v:
Podrobná bibliografie
Hlavní autor: Bouthoul, B.
Médium: Kniha
Jazyk:francouzština
Vydáno: París, Francia Armand Colin 1936
Témata:
Tagy: Přidat tag
Žádné tagy, Buďte první, kdo vytvoří štítek k tomuto záznamu!

MARC

LEADER 00000nam a2200000 a 4500
001 UCJ6139
003 CL-VaPUC
005 20200829121538.0
008 070124e19360000FR |||||||||||||||||fre|d
999 |c 322247  |d 322245 
040 |c Pontificia Universidad Católica de Valparaíso 
082 0 4 |a 133 BOU 1936  |2 21 
100 0 |a Bouthoul, B.  |9 512442 
245 1 3 |a Le grand maître des assassins 
260 0 3 |a París, Francia  |b Armand Colin  |c 1936 
300 |a 230 páginas 
583 |a last modification  |c 20070124 00:00:00  |k Rodrigo Vera 
650 7 |a TEOSOFIA  |2 CL-VaPUC  |9 449380 
650 7 |a HERMETISMO  |2 CL-VaPUC  |9 428467 
650 7 |a TERROR  |2 CL-VaPUC  |9 505575 
650 7 |a BIBLIOGRAFIA  |2 CL-VaPUC  |9 256175 
942 |c BK  |2 ddc 
945 |d 20070124 00:00:00  |a rinostro 
952 |0 0  |1 0  |2 ddc  |4 0  |6 133_000000000000000_BOU_1936  |7 0  |8 X  |9 401193  |a FDOBUD  |b FDOBUD  |d 2019-11-22  |i 1044079  |o 133 BOU 1936  |p 1044079  |r 2019-11-22  |t 1  |w 2019-11-22  |y BK_X  |k BUD